01135nas a2200289Ia 4500001002800000003001000028008004100038040002500079041001200104100002000116210003100136222003100167240005000198245005000248250001100298260000900309501012300318300001500441362003400456500007200490650002500562700001100587942000700598957000600605999003300611952020100644A06/R068-19089 [r000018234]IT-MiCISF161014c99999999xx |||||||||||| ||und|| aIT-MiCISFcIT-MiCISF aINGLESE aCallahan Daniel aThe Hastings Center Report aThe Hastings Center Report aThe Goals of Medicine. Setting New Priorities 4aThe Goals of Medicine. Setting New Priorities a1a ed. c1996 bCISF - Centro Internazionale Studi Famiglia - Via Giotto, 36 20145 MILANO (non commercial uses only)cCopyright 2016 app. s1-s27 avol. 26, n. 6, nov-dic [1996] a Tema: società€, ideali, valori, cura, sofferenza, etica, sanità€ asalute curavdossier aAA.VV. cCR 71 a19089bSig1c251826d251826 0010406A_06_000000000000000_R06819089_R00001823471aCISFbCISFd2016-10-14l0oA06/R068-19089 [r000018234]r2016-10-14 00:00:00w2016-10-14yCRzData import 15.10.2016 / by Epidotti, Vaglietti